The relevance of Russian religious philosophy to the world today
| Main Author: | |
|---|---|
| Format: | Print Article |
| Language: | English |
| Check availability: | HBZ Gateway |
| Interlibrary Loan: | Interlibrary Loan for the Fachinformationsdienste (Specialized Information Services in Germany) |
| Published: |
1996
|
| In: |
St. Vladimir's theological quarterly
Year: 1996, Volume: 40, Issue: 3, Pages: 207-211 |
| Standardized Subjects / Keyword chains: | B
Russia
/ Religious philosophy
|
| RelBib Classification: | AB Philosophy of religion; criticism of religion; atheism KBK Europe (East) KDF Orthodox Church |
MARC
| LEADER | 00000caa a22000002c 4500 | ||
|---|---|---|---|
| 001 | 1639855254 | ||
| 003 | DE-627 | ||
| 005 | 20220616111151.0 | ||
| 007 | tu | ||
| 008 | 160405s1996 xx ||||| 00| ||eng c | ||
| 035 | |a (DE-627)1639855254 | ||
| 035 | |a (DE-576)464897920 | ||
| 035 | |a (DE-599)BSZ464897920 | ||
| 040 | |a DE-627 |b ger |c DE-627 |e rakwb | ||
| 041 | |a eng | ||
| 084 | |a 1 |2 ssgn | ||
| 100 | 1 | |0 (DE-588)1073319601 |0 (DE-627)82905958X |0 (DE-576)170778045 |4 aut |a Slesinski, Robert |d 1950- | |
| 109 | |a Slesinski, Robert 1950- |a Slesinski, Robert F. 1950- | ||
| 245 | 1 | 4 | |a The relevance of Russian religious philosophy to the world today |
| 264 | 1 | |c 1996 | |
| 336 | |a Text |b txt |2 rdacontent | ||
| 337 | |a ohne Hilfsmittel zu benutzen |b n |2 rdamedia | ||
| 338 | |a Band |b nc |2 rdacarrier | ||
| 601 | |a Philosophie | ||
| 652 | |a AB:KBK:KDF | ||
| 689 | 0 | 0 | |d g |0 (DE-588)4076899-5 |0 (DE-627)104251980 |0 (DE-576)209203366 |2 gnd |a Russland |
| 689 | 0 | 1 | |d s |0 (DE-588)4049415-9 |0 (DE-627)104598581 |0 (DE-576)209081953 |2 gnd |a Religionsphilosophie |
| 689 | 0 | |5 (DE-627) | |
| 773 | 0 | 8 | |i In |t St. Vladimir's theological quarterly |d Crestwood,NY : [Verlag nicht ermittelbar], 1969 |g 40(1996), 3, Seite 207-211 |w (DE-627)129885002 |w (DE-600)300800-9 |w (DE-576)015183696 |x 0036-3227 |7 nnas |
| 773 | 1 | 8 | |g volume:40 |g year:1996 |g number:3 |g pages:207-211 |
| 935 | |a mteo | ||
| 951 | |a AR | ||
| ELC | |b 1 | ||
| ITA | |a 1 |t 1 | ||
| LOK | |0 000 xxxxxcx a22 zn 4500 | ||
| LOK | |0 001 330092104X | ||
| LOK | |0 003 DE-627 | ||
| LOK | |0 004 1639855254 | ||
| LOK | |0 005 20160405121514 | ||
| LOK | |0 008 160404||||||||||||||||ger||||||| | ||
| LOK | |0 040 |a DE-Tue135 |c DE-627 |d DE-Tue135 | ||
| LOK | |0 092 |o n | ||
| LOK | |0 852 |a DE-Tue135 | ||
| LOK | |0 852 1 |9 00 | ||
| LOK | |0 935 |a ixzs |a ixmi | ||
| LOK | |0 936ln |0 1442042990 |a AB | ||
| LOK | |0 936ln |0 1442048824 |a KBK | ||
| LOK | |0 936ln |0 1442050373 |a KDF | ||
| LOK | |0 939 |a 04-04-16 |b l01 | ||
| ORI | |a SA-MARC-ixtheoa001.raw | ||
| REL | |a 1 | ||
| STA | 0 | 0 | |a Religious philosophy,Philosophy of religion,Religion,Russia,Russia,Russia,Northwestern Russia |
| STB | 0 | 0 | |a Philosophie des religions,Russie |
| STC | 0 | 0 | |a Filosofía de religión,Rusia |
| STD | 0 | 0 | |a Filosofia della religione,Russia |
| STE | 0 | 0 | |a 宗教哲学 |
| STF | 0 | 0 | |a 宗教哲學 |
| STG | 0 | 0 | |a Filosofia da religião,Rússia |
| STH | 0 | 0 | |a Россия (мотив),Философия религии |
| STI | 0 | 0 | |a Ρωσία (μοτίβο),Φιλοσοφία της θρησκείας |
| SUB | |a REL | ||
| SYG | 0 | 0 | |a Russia,Rußland,Russische Föderation,Russische SFSR,Russisches Reich , Europäisches Russland,Evropejskaja častʹ Rossii,Rußland,Krievija,Federazione Russa,RF,Großrussland,Großrußland,Russia,Rossijskaja Imperija,Russie,Empire de Russie,Russian Federation,Federacja Rosyjska,Rosja,Rossija,Rossijskaja Federacija,Russische Föderation,RF,Russia,Russland,Russisches Reich |
| TIM | |a 000000000000_100019171231 |b - 1917 | ||



